Culture Générale - Série 2119 - Statistiques

Statistiques générales
  • Ce quiz a été pris 119 fois
  • Le résultat moyen est 5 sur 10
Statistiques - réponses
Question Réponse % Correct
Qui a été élu président de la République française le 15 juin 1969 ? Georges Pompidou
90%
Combien de films compte la saga "Harry Potter" ? huit
85%
Quelle est la nationalité de la romancière Astrid Lindgren qui a créé le personnage de Fifi Brindacier en 1944 ? suédoise
71%
Quelle ville de Suisse a donné son nom à une variété de tomate : "la rose de .... Berne
50%
Quel est le prénom et le nom de la petite bergère à qui la Vierge Marie serait apparue à 18 reprises en 1858 à Lourdes ? Bernadette Soubirous
47%
Quelle est la capitale de la Papouasie Nouvelle Guinée ? Port Moresby
42%
Lors du second tour de l'élection, quel candidat a-t-il battu ? voir photo Alain Poher
40%
Dans quelle ville française peut-on admirer la tour Magne, qui est un monument gallo-romain ? Nîmes
33%
Quelle ville française s'appelait autrefois "Telo Martius" ? Toulon
16%
Qui a réalisé le film "L'adieu à la nuit" en 2019, avec Catherine Deneuve dans le rôle de "Muriel" ? prénom et nom André Téchiné
4%
Aucun quiz correspondant
Distribution des résultats
% des personnes avec chaque résultat
Percentile par nombre de réponses
Votre historique - résultats
Vous n’avez pas pris ce quiz